[Event "Rated Blitz game"]
[Site "?"]
[Date "2021.01.14"]
[Round "?"]
[White "MityshevS"]
[Black "Yatatu408Empire"]
[Result "0-1"]
[WhiteElo "2363"]
[BlackElo "2425"]
[PlyCount "142"]
[EventDate "2021.??.??"]
[EventType "blitz"]

1. e4 e5 2. Nf3 d5 3. exd5 e4 4. Nd4 Qxd5 5. Nb3 Nf6 6. d3 Qf5 7. Nc3 Bb4 8.
Be2 O-O 9. O-O Nc6 10. dxe4 Nxe4 11. Nxe4 Qxe4 12. Bf3 Qf5 13. Be3 Bd6 14. g3
Ne5 15. Bg2 Ng4 16. Nd4 Qg6 17. Bd2 a6 18. Bc3 h5 19. Nf3 Qh6 20. Qd3 Bd7 21.
Nh4 Bb5 22. Qf3 Bxf1 23. Rxf1 Ne5 24. Qxb7 Rab8 25. Qd5 Qe6 26. Qd4 c5 27. Qe3
Rfe8 28. Qg5 Qg4 29. Qd2 Rbd8 30. Re1 Bc7 31. Qc1 Ng6 32. Nxg6 Qxg6 33. Rxe8+
Rxe8 34. h3 h4 35. g4 Qd6 36. Kf1 Qf4 37. Qxf4 Bxf4 38. Bc6 Rd8 39. Ke2 f6 40.
Be4 Be5 41. Ba5 Rb8 42. b3 Kf7 43. Bd3 Ra8 44. Bd2 g5 45. Be4 Ra7 46. Be3 Bd4
47. Bd2 Ke7 48. f3 Kd6 49. Kd3 Ke5 50. c3 Bg1 51. a4 Rd7+ 52. Kc2 c4 53. b4 Bh2
54. b5 Bg1 55. bxa6 Bb6 56. Bb7 Rc7 57. a5 Ba7 58. Be1 f5 59. Bd2 f4 60. Bc1
Kd6 61. Ba3+ Kd7 62. Bf8 Ke8 63. Bh6 Rc5 64. Bg7 Rxa5 65. Bd4 Bxd4 66. cxd4 Ke7
67. Kc3 Ra4 68. d5 Kd6 69. Kd4 c3+ 70. Kxc3 Kc5 71. Kb3 Ra5 {Time forfeit} 0-1

[Event "Rated Rapid game"]
[Site "?"]
[Date "2021.01.14"]
[Round "?"]
[White "Hammurapi65"]
[Black "ZetaFonksiyonu"]
[Result "0-1"]
[WhiteElo "2534"]
[BlackElo "2597"]
[PlyCount "111"]
[EventDate "2021.??.??"]
[EventType "rapid"]

1. e4 e5 2. Nf3 d5 3. d3 dxe4 4. dxe4 Qxd1+ 5. Kxd1 Nf6 6. Bd3 Nc6 7. c3 Be6 8.
Ke2 Be7 9. Bg5 h6 10. Bxf6 Bxf6 11. Nbd2 O-O 12. Bc4 Bd7 13. b4 Ne7 14. a4 a5
15. bxa5 Rxa5 16. Bb3 Rc5 17. Rhc1 Rd8 18. Nc4 Be6 19. Ncd2 Bg4 20. h3 Bd7 21.
Nc4 Bc6 22. Nfd2 Ng6 23. g3 Bg5 24. Rc2 h5 25. h4 Bh6 26. f3 Rf8 27. Ne3 Bxe3
28. Kxe3 Kh7 29. Rcc1 f5 30. exf5 Rxf5 31. a5 Rf8 32. a6 bxa6 33. Rxa6 Ne7 34.
Bc2+ g6 35. Be4 Nf5+ 36. Kf2 Bd7 37. Ra7 Nd6 38. Ke3 Rb8 39. Rb1 Rxc3+ 40. Ke2
Rxb1 41. Nxb1 Nxe4 42. fxe4 Bg4+ 43. Kd2 Rxg3 44. Rxc7+ Kh6 45. Re7 Rh3 46.
Rxe5 Rh2+ 47. Ke3 Rxh4 48. Nc3 Rh3+ 49. Kd4 h4 50. Re8 Kg7 51. e5 Rf3 52. Ne4
h3 53. Nf6 h2 54. Rg8+ Kf7 55. Rh8 Rh3 56. Rxh3 {Normal} 0-1

[Event "Rated Blitz game"]
[Site "?"]
[Date "2021.01.14"]
[Round "?"]
[White "Lopez1000"]
[Black "Yatatu408Empire"]
[Result "0-1"]
[WhiteElo "2413"]
[BlackElo "2417"]
[PlyCount "36"]
[EventDate "2021.??.??"]
[EventType "blitz"]

1. e4 e5 2. Nf3 d5 3. exd5 e4 4. Ne5 Qxd5 5. d4 exd3 6. Nxd3 Nf6 7. Nc3 Qf5 8.
Be2 Bd6 9. O-O O-O 10. g3 Nc6 11. Be3 Be6 12. Bf3 Rad8 13. Bg2 h5 14. h4 Ng4
15. Be4 Nxe3 16. Bxf5 Nxd1 17. Bxe6 Nxc3 18. bxc3 fxe6 {Normal} 0-1

[Event "Rated Blitz game"]
[Site "?"]
[Date "2021.01.14"]
[Round "?"]
[White "Jermov"]
[Black "Schachelite"]
[Result "0-1"]
[WhiteElo "2484"]
[BlackElo "2380"]
[PlyCount "38"]
[EventDate "2021.??.??"]
[EventType "blitz"]

1. e4 e5 2. Nf3 d5 3. exd5 e4 4. Qe2 Nf6 5. d3 Qxd5 6. Nbd2 Nc6 7. Nxe4 Be6 8.
c4 Qd7 9. Be3 Bb4+ 10. Nc3 O-O-O 11. O-O-O Rhe8 12. Qc2 Bf5 13. Be2 Ng4 14. Nd5
Nxe3 15. fxe3 Bc5 16. e4 Bg6 17. a3 f5 18. Nh4 Nd4 19. Qd2 Nb3+ {Normal} 0-1

[Event "Rated Blitz tournament 8xhen1VD"]
[Site "?"]
[Date "2021.01.14"]
[Round "?"]
[White "derkannjagarnix"]
[Black "DarthZannah"]
[Result "1-0"]
[WhiteElo "2384"]
[BlackElo "2470"]
[PlyCount "115"]
[EventDate "2021.??.??"]
[EventType "blitz"]

1. e4 e5 2. Nf3 d5 3. exd5 e4 4. Qe2 Nf6 5. d3 Qxd5 6. Nc3 Bb4 7. Bd2 Bxc3 8.
Bxc3 O-O 9. dxe4 Nxe4 10. Qc4 Nxc3 11. Qxc3 Re8+ 12. Be2 Nc6 13. Rd1 Qh5 14.
O-O Bg4 15. Rfe1 Rad8 16. Rxd8 Rxd8 17. h3 Bc8 18. Nd4 Qe5 19. Nxc6 Qxc3 20.
bxc3 bxc6 21. Bf3 Bb7 22. Re7 Rc8 23. Bg4 Rb8 24. Rxc7 Kf8 25. Kf1 g6 26. Ke1
Re8+ 27. Kd2 Re7 28. Rxe7 Kxe7 29. Bf3 Kd6 30. Ke3 Ke5 31. h4 f5 32. g3 h6 33.
c4 g5 34. hxg5 hxg5 35. c3 Ba6 36. Bxc6 Bxc4 37. a3 f4+ 38. Kd2 fxg3 39. fxg3
a5 40. Ke3 Ba6 41. Bf3 Bc4 42. Bg4 Bb5 43. Bh5 Kd5 44. Bf7+ Ke5 45. c4 Bc6 46.
Bg6 Bd7 47. Kd3 Be6 48. Be4 Bd7 49. Ke3 Bg4 50. c5 Be6 51. Bg2 Bc8 52. Kd3 Be6
53. Kc3 Bc8 54. Kc4 g4 55. Kb5 Kd4 56. c6 Ke3 57. Bd5 Kf2 58. Bf7 {Time forfeit
} 1-0

[Event "Rated Blitz game"]
[Site "?"]
[Date "2021.01.14"]
[Round "?"]
[White "JelenaZ"]
[Black "Kovalchuk94"]
[Result "0-1"]
[WhiteElo "2600"]
[BlackElo "2608"]
[PlyCount "58"]
[EventDate "2021.??.??"]
[EventType "blitz"]

1. e4 e5 2. Nf3 d5 3. exd5 Bd6 4. d3 Nf6 5. Bg5 h6 6. Bxf6 Qxf6 7. Nbd2 O-O 8.
g3 c6 9. dxc6 Nxc6 10. Bg2 Qd8 11. Nc4 Bc7 12. O-O Bg4 13. h3 Be6 14. Nfd2 Qd7
15. Kh2 Rad8 16. a4 f5 17. Qh5 Bf7 18. Qh4 Kh7 19. Nf3 Kg8 20. Rae1 Rfe8 21.
Re3 e4 22. Nfd2 Kh7 23. Nxe4 fxe4 24. Bxe4+ Kg8 25. c3 Ne7 26. Rfe1 Nf5 27.
Bxf5 Qxf5 28. f4 Rxe3 29. Rxe3 Rxd3 {Normal} 0-1

[Event "Rated Blitz game"]
[Site "?"]
[Date "2021.01.14"]
[Round "?"]
[White "Schach_du_Nase"]
[Black "geptil"]
[Result "1-0"]
[WhiteElo "2418"]
[BlackElo "2401"]
[PlyCount "93"]
[EventDate "2021.??.??"]
[EventType "blitz"]

1. e4 e5 2. Nf3 d5 3. d4 dxe4 4. Nxe5 Bd6 5. Nc4 Nf6 6. Bg5 O-O 7. Nxd6 Qxd6 8.
Nc3 Bf5 9. Be2 Nc6 10. d5 Nb4 11. Bxf6 Qxf6 12. a3 Na6 13. Qd2 Nc5 14. Qe3 b6
15. O-O Qg6 16. Rad1 Rad8 17. b4 Nd7 18. Nb5 Ne5 19. Nxa7 Rd6 20. Kh1 h5 21. h3
Rf6 22. Nb5 Qh7 23. Nxc7 Ng4 24. Qd4 Qh6 25. Nb5 Qf4 26. g3 Qg5 27. d6 Bd7 28.
Nc3 Ne5 29. Nxe4 Qf5 30. Nxf6+ gxf6 31. g4 Bc6+ 32. Kh2 hxg4 33. Bxg4 Qh7 34.
Rg1 Kh8 35. Qf4 Qg6 36. Bf5 Qh5 37. Bg4 Qg6 38. d7 Rd8 39. Rd6 Kg7 40. Bf5 Nf3+
41. Qxf3 Bxf3 42. Bxg6 fxg6 43. Re1 Kf7 44. Kg3 Bb7 45. Rxb6 Rxd7 46. Re3 f5
47. Rc3 {Time forfeit} 1-0

[Event "Rated Blitz game"]
[Site "?"]
[Date "2021.01.14"]
[Round "?"]
[White "notsostrong"]
[Black "DarthZannah"]
[Result "0-1"]
[WhiteElo "2387"]
[BlackElo "2458"]
[PlyCount "118"]
[EventDate "2021.??.??"]
[EventType "blitz"]

1. e4 e5 2. Nf3 d5 3. exd5 e4 4. Qe2 Nf6 5. d3 Qxd5 6. Ng5 Be7 7. dxe4 Qa5+ 8.
Bd2 Qb6 9. e5 Nd5 10. Qe4 c6 11. b3 h6 12. Nf3 Bc5 13. Bd3 Bxf2+ 14. Ke2 Bc5
15. Rf1 Be6 16. a4 a5 17. Na3 Nd7 18. Nc4 Qc7 19. Qh4 Be7 20. Qg3 g5 21. Rae1
b6 22. Kd1 O-O-O 23. Nd6+ Kb8 24. Nd4 Nxe5 25. Nxe6 fxe6 26. Qxe5 Bxd6 27. Qxe6
Bf4 28. g3 Bxd2 29. Kxd2 Rhf8 30. Rxf8 Rxf8 31. Re2 Rf6 32. Qe8+ Kb7 33. Qe5
Qxe5 34. Rxe5 Kc7 35. c4 Nb4 36. Be2 Rd6+ 37. Ke3 Nc2+ 38. Kf2 Rd2 39. Kf1 Nd4
40. Bg4 Nxb3 41. Re7+ Kd8 42. Rh7 Rxh2 43. Kg1 Rd2 44. Rxh6 Nd4 45. Rg6 Rc2 46.
Rxg5 Rxc4 47. Rg7 Rxa4 48. Rd7+ Ke8 49. Rb7 b5 50. Kh2 b4 51. Kh3 b3 52. Bh5+
Kd8 53. g4 Rb4 54. Rf7 b2 55. Bg6 a4 56. g5 b1=Q 57. Bxb1 Rxb1 58. Ra7 Rg1 59.
Rxa4 Nf3 {Normal} 0-1

[Event "Rated Blitz game"]
[Site "?"]
[Date "2021.01.14"]
[Round "?"]
[White "Krpokapetan"]
[Black "Tayota"]
[Result "0-1"]
[WhiteElo "2429"]
[BlackElo "2428"]
[PlyCount "136"]
[EventDate "2021.??.??"]
[EventType "blitz"]

1. e4 e5 2. Nf3 d5 3. exd5 e4 4. Qe2 f5 5. d3 Nf6 6. dxe4 fxe4 7. Nbd2 Be7 8.
Nxe4 Nxe4 9. Qxe4 O-O 10. Bd3 Bf5 11. Qc4 Bd6 12. Bxf5 Rxf5 13. Bd2 Nd7 14.
O-O-O b5 15. Qxb5 Rb8 16. Qd3 Rf8 17. Bc3 Nc5 18. Qc4 Qd7 19. Rhe1 Na4 20. Bd4
Rb4 21. Qc6 Qg4 22. a3 Qf4+ 23. Kb1 Rxb2+ 24. Bxb2 Nxb2 25. Kxb2 Rb8+ 26. Ka2
Bxa3 27. Re8+ Rxe8 28. Qxe8+ Bf8 29. Qe6+ Kh8 30. Rd4 Qc1 31. Rc4 h6 32. d6
Bxd6 33. Qe8+ Kh7 34. Qe4+ Kh8 35. Rd4 Qa3+ 36. Kb1 a5 37. Rxd6 cxd6 38. Nd4 a4
39. Nb5 Qc5 40. c4 Qb4+ 41. Kc1 a3 42. Qe8+ Kh7 43. Qe4+ Kh8 44. Qe2 d5 45.
cxd5 Qc5+ 46. Kb1 Qxd5 47. Nc3 Qb3+ 48. Ka1 Qxc3+ 49. Ka2 Qc6 50. Kxa3 Qxg2 51.
Qe8+ Kh7 52. Qe3 Kh8 53. Qd3 Qxh2 54. Qd8+ Kh7 55. Qd3+ Kh8 56. f3 Qe5 57. Qe4
Qxe4 58. Kb3 Qxf3+ 59. Kc4 Qf5 60. Kd4 h5 61. Ke3 h4 62. Ke2 h3 63. Ke3 h2 64.
Kd4 h1=Q 65. Kc4 Qh4+ 66. Kb3 Qfh3+ 67. Kc2 Qf2+ 68. Kd1 Qh1# {Normal} 0-1

[Event "Rated Blitz tournament 7d95Dv0R"]
[Site "?"]
[Date "2021.01.14"]
[Round "?"]
[White "B_nn_t"]
[Black "KurzaLefski1948"]
[Result "0-1"]
[WhiteElo "2432"]
[BlackElo "2244"]
[PlyCount "40"]
[EventDate "2021.??.??"]
[EventType "blitz"]

1. e4 e5 2. Nf3 d5 3. d3 dxe4 4. dxe4 Qxd1+ 5. Kxd1 Nc6 6. Bb5 Bg4 7. Bxc6+
bxc6 8. Bf4 exf4 9. Nbd2 O-O-O 10. Ke2 Bxf3+ 11. Nxf3 Nf6 12. e5 Nd5 13. c3 Bc5
14. a3 Rhe8 15. Rad1 f6 16. Rhe1 fxe5 17. Kf1 e4 18. Ng5 e3 19. f3 e2+ 20. Rxe2
Ne3+ {Normal} 0-1

[Event "Rated Blitz game"]
[Site "?"]
[Date "2021.01.14"]
[Round "?"]
[White "andrewrun"]
[Black "Tayota"]
[Result "0-1"]
[WhiteElo "2431"]
[BlackElo "2433"]
[PlyCount "62"]
[EventDate "2021.??.??"]
[EventType "blitz"]

1. e4 e5 2. Nf3 d5 3. exd5 e4 4. Qe2 f5 5. d4 Nf6 6. c4 b6 7. Ne5 Bd6 8. Nc3
O-O 9. Bf4 Nbd7 10. g3 Qe8 11. Bg2 Nxe5 12. dxe5 Bxe5 13. Bxe5 Qxe5 14. O-O Bd7
15. Rad1 Rae8 16. Qe3 h6 17. Qd4 Qd6 18. Rfe1 Ng4 19. h3 Ne5 20. a4 a5 21. Nb5
Bxb5 22. axb5 Nd3 23. Re2 Nc5 24. Qe3 f4 25. gxf4 Rxf4 26. Rd4 Qg6 27. Kh2 Ref8
28. Bxe4 Nxe4 29. Rxe4 Rxe4 30. Qxe4 Rxf2+ 31. Kh1 Rf1+ {Normal} 0-1

[Event "Rated Blitz tournament 7d95Dv0R"]
[Site "?"]
[Date "2021.01.14"]
[Round "?"]
[White "Orsanchez"]
[Black "KurzaLefski1948"]
[Result "1-0"]
[WhiteElo "2443"]
[BlackElo "2295"]
[PlyCount "61"]
[EventDate "2021.??.??"]
[EventType "blitz"]

1. e4 e5 2. Nf3 d5 3. d4 dxe4 4. Nxe5 Bd6 5. Nc3 Bxe5 6. dxe5 Qxd1+ 7. Nxd1 Nc6
8. Bf4 Bf5 9. Nc3 O-O-O 10. Be2 Nge7 11. O-O Ng6 12. Bg3 Ngxe5 13. Rfd1 Nd4 14.
Bf1 f6 15. Bxe5 fxe5 16. Rac1 Rhe8 17. Re1 e3 18. Rxe3 Nxc2 19. Rf3 Bg6 20. Rg3
e4 21. Rxg6 hxg6 22. Rxc2 e3 23. fxe3 Rxe3 24. Be2 c6 25. Kf2 Re5 26. Bg4+ Kc7
27. Bf3 g5 28. h3 a5 29. Ne4 Rf8 30. Ke3 b6 31. Rd2 {Normal} 1-0

[Event "Rated Blitz game"]
[Site "?"]
[Date "2021.01.14"]
[Round "?"]
[White "mrios"]
[Black "Tayota"]
[Result "1-0"]
[WhiteElo "2450"]
[BlackElo "2421"]
[PlyCount "141"]
[EventDate "2021.??.??"]
[EventType "blitz"]

1. e4 e5 2. Nf3 d5 3. Nxe5 Qe7 4. d4 f6 5. Ng4 Nc6 6. Ne3 Qxe4 7. Nc3 Bb4 8. a3
Bxc3+ 9. bxc3 Nge7 10. Bd3 Qh4 11. O-O O-O 12. Re1 Ng6 13. a4 Bd7 14. Nxd5 Bg4
15. f3 Bd7 16. Nxc7 Rac8 17. Nd5 Rce8 18. Be3 Be6 19. Bf2 Qg5 20. c4 Bxd5 21.
cxd5 Nf4 22. Bg3 Nxd5 23. c4 Ne3 24. Qd2 Nxd4 25. Bxh7+ Kxh7 26. Qxd4 Nc2 27.
Qd3+ Qg6 28. Qxg6+ Kxg6 29. Rxe8 Rxe8 30. Rc1 Nd4 31. Kf1 Rc8 32. Bf2 Nb3 33.
Rc2 Rxc4 34. Rxc4 Nd2+ 35. Ke2 Nxc4 36. Bxa7 Kf5 37. Bd4 Ke6 38. Kd3 Kd5 39. g4
b6 40. h4 f5 41. gxf5 Nd6 42. Bxg7 Nxf5 43. Bc3 Nxh4 44. Ke3 Nf5+ 45. Kf4 Nd6
46. Kg5 Nc4 47. f4 Ke6 48. f5+ Kf7 49. Bd4 Ke7 50. Kf4 Kf7 51. Ke4 Ke7 52. Kd5
Nd6 53. f6+ Kd7 54. Bxb6 Ne8 55. Bd4 Nc7+ 56. Kc4 Ke6 57. Kc5 Na6+ 58. Kb5 Nc7+
59. Kb6 Nd5+ 60. Kb7 Nb4 61. a5 Kd5 62. Bc3 Ke6 63. Bxb4 Kf7 64. a6 Ke6 65. a7
Kf7 66. a8=Q Ke6 67. Qc8+ Kd5 68. Qc7 Ke4 69. f7 Kd3 70. f8=Q Ke2 71. Qfd6 {
Time forfeit} 1-0

[Event "Rated Blitz game"]
[Site "?"]
[Date "2021.01.14"]
[Round "?"]
[White "sina_iran"]
[Black "Tayota"]
[Result "1-0"]
[WhiteElo "2592"]
[BlackElo "2438"]
[PlyCount "69"]
[EventDate "2021.??.??"]
[EventType "blitz"]

1. e4 e5 2. Nf3 d5 3. Nxe5 Qe7 4. d4 f6 5. Nd3 Nc6 6. Nc3 dxe4 7. Nf4 Bf5 8.
Nfd5 Qd7 9. Bf4 Bd6 10. Bxd6 cxd6 11. Nb5 Bg6 12. Nbc7+ Kf7 13. Nxa8 Nge7 14.
Nac7 Nxd5 15. Nxd5 Re8 16. Ne3 f5 17. g3 Kg8 18. Bc4+ Kh8 19. Qd2 a6 20. O-O-O
b5 21. Bb3 a5 22. Kb1 a4 23. Bd5 Ne7 24. Qb4 Rc8 25. h4 Bh5 26. Rc1 Bf3 27.
Rhe1 Ng6 28. c4 f4 29. gxf4 Nxf4 30. cxb5 Nd3 31. Rxc8+ Qxc8 32. Qc3 Qb8 33. b6
h5 34. Qc7 Qe8 35. b7 {Normal} 1-0

[Event "Rated Blitz game"]
[Site "?"]
[Date "2021.01.14"]
[Round "?"]
[White "imdejong"]
[Black "Tayota"]
[Result "1-0"]
[WhiteElo "2445"]
[BlackElo "2437"]
[PlyCount "107"]
[EventDate "2021.??.??"]
[EventType "blitz"]

1. e4 e5 2. Nf3 d5 3. exd5 e4 4. Qe2 f5 5. d3 Nf6 6. Nbd2 Be7 7. dxe4 fxe4 8.
Nxe4 Nxe4 9. Qxe4 O-O 10. Bc4 Bb4+ 11. c3 Re8 12. Ne5 Bd6 13. f4 Nd7 14. O-O
Nf6 15. Qf3 Bf5 16. Be3 a6 17. Bd4 b5 18. Bb3 Be4 19. Qg3 Nh5 20. Qe3 Bf5 21.
Rae1 Qh4 22. g3 Qh3 23. Qf2 Nf6 24. Nc6 Bd3 25. Rxe8+ Rxe8 26. Re1 Rxe1+ 27.
Qxe1 Be4 28. Qe2 Qf5 29. Bxf6 gxf6 30. Nd4 Qg6 31. Bc2 f5 32. Bxe4 fxe4 33. f5
Qg5 34. Qxe4 Qc1+ 35. Kg2 Qxb2+ 36. Kh3 Qxc3 37. Qe8+ Bf8 38. Ne6 Qf6 39. Kg4
h5+ 40. Kf4 b4 41. Qxf8+ Qxf8 42. Nxf8 Kxf8 43. h3 Ke7 44. g4 a5 45. Ke5 hxg4
46. hxg4 a4 47. Kd4 Kd6 48. Kc4 b3 49. axb3 a3 50. Kc3 Kxd5 51. f6 Ke6 52. g5
c5 53. Kc2 Kf7 54. Kb1 {Time forfeit} 1-0

[Event "Rated Blitz game"]
[Site "?"]
[Date "2021.01.14"]
[Round "?"]
[White "vian_ra"]
[Black "Mettigel"]
[Result "1/2-1/2"]
[WhiteElo "2517"]
[BlackElo "2457"]
[PlyCount "39"]
[EventDate "2021.??.??"]
[EventType "blitz"]

1. e4 e5 2. Nf3 d5 3. Nxe5 Bd6 4. d4 dxe4 5. Bc4 Bxe5 6. Qh5 Qe7 7. Qxe5 Qxe5
8. dxe5 Nc6 9. Nc3 Nxe5 10. Nd5 Nxc4 11. Nxc7+ Kd8 12. Nxa8 Ne7 13. b3 Ne5 14.
Bf4 N7c6 15. O-O-O+ Bd7 16. Rd5 f6 17. Bxe5 Nxe5 18. Rc5 Bc6 19. Ra5 a6 20. Nb6
{Normal} 1/2-1/2

[Event "Rated Blitz game"]
[Site "?"]
[Date "2021.01.14"]
[Round "?"]
[White "GMJOEY93"]
[Black "Tayota"]
[Result "0-1"]
[WhiteElo "2601"]
[BlackElo "2410"]
[PlyCount "62"]
[EventDate "2021.??.??"]
[EventType "blitz"]

1. e4 e5 2. Nf3 d5 3. d4 dxe4 4. Nxe5 Bd6 5. Nc4 Bf5 6. Nc3 h6 7. Qh5 Bg6 8.
Qb5+ Nd7 9. Qxb7 Ngf6 10. Be2 O-O 11. O-O Re8 12. Be3 Nf8 13. Rad1 Ne6 14. Nxd6
cxd6 15. Qa6 Rb8 16. Qa3 d5 17. Na4 Qc7 18. Nc5 Nf4 19. Rfe1 Nxe2+ 20. Rxe2 Bh5
21. Na6 Qb6 22. Nxb8 Bxe2 23. Re1 Bb5 24. b3 Qxb8 25. c4 dxc4 26. d5 cxb3 27.
d6 bxa2 28. Bd4 Bc4 29. Ba1 Rd8 30. Rd1 Qb1 31. Rc1 Rxd6 {Normal} 0-1

[Event "Rated Blitz game"]
[Site "?"]
[Date "2021.01.14"]
[Round "?"]
[White "andrewrun"]
[Black "Tayota"]
[Result "1/2-1/2"]
[WhiteElo "2431"]
[BlackElo "2433"]
[PlyCount "157"]
[EventDate "2021.??.??"]
[EventType "blitz"]

1. e4 e5 2. Nf3 d5 3. exd5 e4 4. Qe2 f5 5. d3 Nf6 6. dxe4 fxe4 7. Bg5 Be7 8.
Bxf6 Bxf6 9. Qxe4+ Kf7 10. Qb4 Re8+ 11. Be2 a5 12. Qb3 a4 13. Qb4 Na6 14. Qb5
Bd7 15. Qc4 Bxb2 16. O-O Bxa1 17. c3 b5 18. Qf4+ Kg8 19. Bd3 Qf6 20. Qd2 b4 21.
cxb4 Nc5 22. bxc5 Bg4 23. Ng5 h6 24. Ne4 Qd4 25. Ng3 Qxc5 26. h3 Bd7 27. Rc1
Qd6 28. Ne4 Qe5 29. Nbc3 Bxc3 30. Nxc3 Bf5 31. Bc4 Kh8 32. Nb5 Rad8 33. Qb4 a3
34. Qxa3 Qf4 35. Qc3 Re7 36. Bb3 Rde8 37. Nxc7 Qxc1+ 38. Qxc1 Re1+ 39. Qxe1
Rxe1+ 40. Kh2 Bd7 41. Ne6 Re5 42. Kg3 g5 43. f3 Kh7 44. Nc5 Be8 45. Ne4 Kg6 46.
d6 h5 47. h4 g4 48. Ng5 Re3 49. Kf4 Re2 50. g3 gxf3 51. Kxf3 Rd2 52. Ke3 Rxd6
53. Kf4 Rd4+ 54. Ke3 Rg4 55. Kf3 Bc6+ 56. Kf2 Rd4 57. Bf7+ Kf6 58. Bb3 Kf5 59.
Nf3 Rd6 60. Ke3 Bxf3 61. Kxf3 Rf6 62. Bc2+ Ke5+ 63. Kg2 Kd4 64. Bb3 Ke3 65. Kh3
Rf3 66. Bd1 Rf1 67. Bxh5 Kf2 68. Kg4 Rg1 69. Bf7 Rxg3+ 70. Kf5 Rf3+ 71. Ke6 Rh3
72. h5 Ra3 73. Bg6 Rxa2 74. Kf7 Ra6 75. Kg7 Ra7+ 76. Kf6 Kg3 77. h6 Kh4 78. h7
Rxh7 79. Bxh7 {Normal} 1/2-1/2

[Event "Rated Blitz game"]
[Site "?"]
[Date "2021.01.13"]
[Round "?"]
[White "BAMBULU"]
[Black "Tayota"]
[Result "1-0"]
[WhiteElo "2431"]
[BlackElo "2407"]
[PlyCount "71"]
[EventDate "2021.??.??"]
[EventType "blitz"]

1. e4 e5 2. Nf3 d5 3. Nxe5 Qe7 4. Nd3 dxe4 5. Nf4 f5 6. d3 exd3+ 7. Be3 dxc2 8.
Qxc2 Nf6 9. Bc4 Nc6 10. O-O g5 11. Nd3 h6 12. Bc5 Qg7 13. Re1+ Ne4 14. Bd5 Bxc5
15. Qxc5 Bd7 16. f3 O-O-O 17. fxe4 fxe4 18. Bxe4 Rde8 19. Nc3 Ne5 20. Nxe5 Rxe5
21. Bxb7+ Kxb7 22. Qxe5 Qxe5 23. Rxe5 Bc6 24. Rc1 Rd8 25. Ne4 Rd4 26. Nc5+ Kb6
27. Nb3 Rd6 28. Rec5 a6 29. Rxc6+ Rxc6 30. Rxc6+ Kxc6 31. Kf2 Kd5 32. Ke3 c5
33. Nd2 c4 34. g4 a5 35. a3 a4 36. Nf3 {Normal} 1-0

[Event "Rated Blitz game"]
[Site "?"]
[Date "2021.01.13"]
[Round "?"]
[White "GMJOEY93"]
[Black "KamranShirazi"]
[Result "1-0"]
[WhiteElo "2558"]
[BlackElo "2549"]
[PlyCount "107"]
[EventDate "2021.??.??"]
[EventType "blitz"]

1. e4 e5 2. Nf3 d5 3. d4 dxe4 4. Nxe5 Nd7 5. Nc4 Ngf6 6. Bg5 h6 7. Bh4 Nb6 8.
Nc3 Bb4 9. Ne3 Na4 10. Bb5+ Bd7 11. Bxa4 Bxa4 12. O-O Bxc3 13. bxc3 O-O 14. c4
Kh7 15. d5 Qd6 16. c5 Qxc5 17. Bxf6 gxf6 18. Qg4 Rg8 19. Qxe4+ Rg6 20. Qxa4
Rag8 21. g3 f5 22. Qf4 Rg5 23. Rad1 R8g6 24. Rfe1 a5 25. a4 b5 26. axb5 Qxb5
27. Qxc7 Kg7 28. Qf4 a4 29. Nxf5+ Kh7 30. Ne3 Kg7 31. d6 Rf6 32. Qxf6+ Kxf6 33.
d7 Rg8 34. d8=Q+ Rxd8 35. Rxd8 Qa5 36. Rdd1 a3 37. Ra1 Kg7 38. c4 h5 39. h4 Qc5
40. Re2 Qd4 41. Rea2 Kg6 42. Rxa3 Qe4 43. Ra6+ Kh7 44. R6a5 Kg6 45. Rg5+ Kf6
46. Nd5+ Ke6 47. Ra6+ Kd7 48. Nf6+ Kc7 49. Nxe4 f5 50. Rd6 fxe4 51. c5 e3 52.
Rg7+ Kc8 53. fxe3 Kb8 54. Rd8# {Normal} 1-0

[Event "Rated Blitz game"]
[Site "?"]
[Date "2021.01.13"]
[Round "?"]
[White "a-D-I-b"]
[Black "jflup"]
[Result "0-1"]
[WhiteElo "2502"]
[BlackElo "2451"]
[PlyCount "56"]
[EventDate "2021.??.??"]
[EventType "blitz"]

1. e4 e5 2. Nf3 d5 3. d3 dxe4 4. dxe4 Qxd1+ 5. Kxd1 f6 6. Be3 Nd7 7. c3 Bc5 8.
Nbd2 Bxe3 9. fxe3 Nc5 10. Kc2 Bd7 11. Be2 Bc6 12. b4 Bxe4+ 13. Kd1 Bxf3 14.
Bxf3 Nd3 15. Ke2 O-O-O 16. Nc4 f5 17. Na5 e4 18. Bh5 g6 19. g4 gxh5 20. gxf5
Nf6 21. Rhg1 Rhg8 22. h3 h4 23. Nb3 Rg3 24. Nd4 Rdg8 25. Rxg3 Rxg3 26. Rf1 Rg2+
27. Kd1 Nd5 28. Ne2 Nxe3+ {Normal} 0-1

[Event "Rated Blitz game"]
[Site "?"]
[Date "2021.01.13"]
[Round "?"]
[White "mopolomolo"]
[Black "Tayota"]
[Result "0-1"]
[WhiteElo "2427"]
[BlackElo "2416"]
[PlyCount "54"]
[EventDate "2021.??.??"]
[EventType "blitz"]

1. e4 e5 2. Nf3 d5 3. Nxe5 Qe7 4. d4 f6 5. Qh5+ g6 6. Nxg6 Qxe4+ 7. Be3 Qxg6 8.
Qxd5 Ne7 9. Qb3 Nbc6 10. Nd2 Bf5 11. O-O-O O-O-O 12. h3 h5 13. Rg1 Bh6 14. Nf3
Bxe3+ 15. fxe3 h4 16. d5 Na5 17. Qc3 b6 18. Ba6+ Kb8 19. b4 Nxd5 20. Rxd5 Rxd5
21. bxa5 Rxa5 22. Bc4 Rc5 23. Qd4 Be6 24. Bd3 Bf5 25. e4 Bc8 26. e5 fxe5 27.
Nxe5 Qg5+ {Normal} 0-1

[Event "Rated Blitz game"]
[Site "?"]
[Date "2021.01.13"]
[Round "?"]
[White "Machinegunusa"]
[Black "batasjon"]
[Result "1-0"]
[WhiteElo "2478"]
[BlackElo "2341"]
[PlyCount "37"]
[EventDate "2021.??.??"]
[EventType "blitz"]

1. e4 e5 2. Nf3 d5 3. d4 dxe4 4. Nxe5 Bd6 5. Qh5 Be6 6. Nc3 Nf6 7. Qh4 Nbd7 8.
Bg5 Nxe5 9. dxe5 Bxe5 10. Rd1 Qe7 11. Nxe4 Qb4+ 12. Nc3 Bxc3+ 13. bxc3 Qxc3+
14. Bd2 Qe5+ 15. Be2 O-O 16. Be3 Qc3+ 17. Rd2 Rad8 18. Bd3 Nd5 19. Qxh7# {
Normal} 1-0

[Event "Rated Blitz game"]
[Site "?"]
[Date "2021.01.13"]
[Round "?"]
[White "AyMisho"]
[Black "Jomajo"]
[Result "0-1"]
[WhiteElo "2523"]
[BlackElo "2578"]
[PlyCount "124"]
[EventDate "2021.??.??"]
[EventType "blitz"]

1. e4 e5 2. Nf3 d5 3. Nxe5 Bd6 4. d4 dxe4 5. Nc4 Nf6 6. Nc3 h6 7. Be2 O-O 8.
Nxd6 Qxd6 9. d5 Nbd7 10. Be3 Ne5 11. h3 a6 12. O-O Ng6 13. Qd4 Re8 14. Rad1 Nf4
15. Rfe1 Nxe2+ 16. Nxe2 Bf5 17. Bf4 Qe7 18. Ng3 Bg6 19. f3 Rad8 20. c4 c6 21.
d6 Qe6 22. Re3 Nd7 23. Nxe4 Bxe4 24. Rxe4 Qf6 25. Rxe8+ Rxe8 26. Qxf6 Nxf6 27.
Kf2 Nd7 28. b4 f6 29. Re1 Rxe1 30. Kxe1 Kf7 31. Kd2 b6 32. Kd3 Ke6 33. h4 f5
34. Kd4 c5+ 35. bxc5 bxc5+ 36. Kc3 h5 37. Kb3 Nb6 38. Kc3 Nd7 39. Kd3 g6 40.
Ke3 Nb6 41. Kd3 Kd7 42. Be5 Ke6 43. Bh2 Na4 44. Kc2 Kd7 45. Kb3 Nb6 46. a4 Nc8
47. Kc3 Nxd6 48. Kd3 Nc8 49. Bg1 Kd6 50. a5 Na7 51. Ke3 Nc6 52. Kf4 Nxa5 53.
Kg5 Nxc4 54. Kxg6 a5 55. Bh2+ Kd5 56. Bf4 a4 57. Bc1 a3 58. Bxa3 Nxa3 59. Kxh5
c4 60. Kg5 c3 61. h5 c2 62. Kg6 c1=Q {Normal} 0-1

[Event "Rated Blitz game"]
[Site "?"]
[Date "2021.01.13"]
[Round "?"]
[White "GMJOEY93"]
[Black "KamranShirazi"]
[Result "1-0"]
[WhiteElo "2559"]
[BlackElo "2547"]
[PlyCount "77"]
[EventDate "2021.??.??"]
[EventType "blitz"]

1. e4 e5 2. Nf3 d5 3. d4 dxe4 4. Nxe5 Nd7 5. Nc4 Nb6 6. Nc3 f5 7. Nxb6 axb6 8.
Bc4 Nf6 9. O-O Bd6 10. Bg5 h6 11. Bc1 Qe7 12. Nd5 Nxd5 13. Bxd5 Be6 14. Qh5+
Qf7 15. Qxf7+ Kxf7 16. Bxb7 Ra7 17. Bc6 Kf6 18. b3 Rd8 19. c4 g5 20. Bb2 Kg6
21. g4 fxg4 22. Bxe4+ Bf5 23. Rfe1 Bxe4 24. Rxe4 b5 25. c5 Bf4 26. b4 h5 27. a3
h4 28. Rd1 Kf5 29. Re7 Rd5 30. Kf1 Ra6 31. Rde1 Bxh2 32. Rf7+ Rf6 33. Rxf6+
Kxf6 34. Re8 g3 35. fxg3 Bxg3 36. Kg2 Kf5 37. a4 g4 38. Rf8+ Ke4 39. a5 {
Time forfeit} 1-0

[Event "Rated Blitz game"]
[Site "?"]
[Date "2021.01.13"]
[Round "?"]
[White "Zutano"]
[Black "Tayota"]
[Result "1-0"]
[WhiteElo "2419"]
[BlackElo "2395"]
[PlyCount "71"]
[EventDate "2021.??.??"]
[EventType "blitz"]

1. e4 e5 2. Nf3 d5 3. exd5 e4 4. Qe2 f5 5. d3 Nf6 6. Nc3 Bb4 7. Bg5 Bxc3+ 8.
bxc3 O-O 9. Nd4 c5 10. Ne6 Bxe6 11. dxe6 Nc6 12. g3 Qd5 13. Bg2 Qxe6 14. O-O
Rae8 15. Rae1 h6 16. Bxf6 Qxf6 17. dxe4 fxe4 18. Qc4+ Kh8 19. Bxe4 Ne5 20. Qxc5
b6 21. Qd4 Rd8 22. Qa4 a5 23. Qb5 Rd2 24. Bg2 Ng4 25. Re2 Qxc3 26. Rxd2 Qxd2
27. Qxb6 Qxc2 28. h3 Nf6 29. Qxa5 Ne4 30. Qb4 Rxf2 31. Qxe4 Rxf1+ 32. Kxf1 Qc1+
33. Qe1 Qc4+ 34. Kg1 Qxa2 35. Qe8+ Kh7 36. Be4+ {Normal} 1-0